[Event "Messina op-A 1st"]
[Site "Messina"]
[Date "2011.08.30"]
[Round "3"]
[White "Cattafi, Giuseppe"]
[Black "Drasko, Milan"]
[Result "0-1"]
[WhiteElo "2015"]
[BlackElo "2469"]
[PlyCount "52"]
[EventDate "2011.08.28"]
[EventType "swiss"]
[EventRounds "9"]
[EventCountry "ITA"]
[SourceTitle "CBM 144 Extra"]
[Source "ChessBase"]
[SourceDate "2011.10.28"]
[SourceVersion "1"]
[SourceVersionDate "2011.10.28"]
[SourceQuality "1"]

1. d4 e6 2. Bf4 Nf6 3. e3 b6 4. Nd2 Bb7 5. h3 Be7 6. Ngf3 0-0 7. c3 c5 8. Bd3 Nc6 9. 0-0 d6 10. Qe2 cxd4 11. exd4 Qd7 12. Ne4 Nd5 13. Bh2 h6 14. a3 f5 15. Ned2 Rae8 16. c4 Nc7 17. c5 dxc5 18. Bxc7 Qxc7 19. Qxe6+ Kh8 20. Qg6 Qd7 21. d5 Qxd5 22. Bc4 Qd6 23. Qh5 Kh7 24. Rfe1 g6 25. Rxe7+ Qxe7 26. Qh4 Qxh4 0-1

[Event "Senigallia Perini Memorial"]
[Site "Senigallia"]
[Date "2007.05.29"]
[Round "2"]
[White "Samaritani, Fabio"]
[Black "Cattafi, Giuseppe"]
[Result "1-0"]
[WhiteElo "2266"]
[BlackElo "2061"]
[PlyCount "57"]
[EventDate "2007.05.28"]
[EventType "swiss"]
[EventRounds "9"]
[EventCountry "ITA"]
[SourceTitle "CBM 118 Extra"]
[Source "ChessBase"]
[SourceDate "2007.07.04"]
[SourceVersion "1"]
[SourceVersionDate "2007.07.04"]
[SourceQuality "1"]

1. e4 c5 2. Nf3 e6 3. d4 cxd4 4. Nxd4 a6 5. Nc3 Qc7 6. Be3 Nf6 7. Qd2 Bb4 8. f3 Nc6 9. 0-0-0 b5 10. Kb1 Bxc3 11. Qxc3 0-0 12. Nxc6 Qxc6 13. Qxc6 dxc6 14. Bc5 Re8 15. Rd6 Bb7 16. Be2 Rad8 17. Rhd1 Rxd6 18. Rxd6 e5 19. c4 h6 20. Kc2 Re6 21. Rxe6 fxe6 22. Bd6 Nd7 23. Kc3 Kf7 24. Kb4 g5 25. a4 bxa4 26. c5 h5 27. Kxa4 h4 28. Ka5 Nf6 29. Kb6 1-0

[Event "Porto San Giorgio op 17th"]
[Site "Porto San Giorgio"]
[Date "2005.08.22"]
[Round "1"]
[White "Piscopo, Pierluigi"]
[Black "Cattafi, Giuseppe"]
[Result "1-0"]
[WhiteElo "2389"]
[BlackElo "2047"]
[PlyCount "76"]
[EventDate "2005.08.22"]
[EventType "swiss"]
[EventRounds "9"]
[EventCountry "ITA"]
[SourceTitle "CBM 108 Extra"]
[Source "ChessBase"]
[SourceDate "2005.11.04"]
[SourceVersion "1"]
[SourceVersionDate "2005.11.04"]
[SourceQuality "1"]

1. e4 c5 2. Nf3 e6 3. d4 cxd4 4. Nxd4 Nc6 5. Nc3 Qc7 6. Be2 a6 7. f4 Bb4 8. Bf3 Nge7 9. Be3 0-0 10. 0-0 Bxc3 11. bxc3 d5 12. Nxc6 Qxc6 13. Qd4 b5 14. f5 f6 15. Rad1 e5 16. Qb4 Qd7 17. g4 a5 18. Qc5 Bb7 19. exd5 Rfc8 20. Qa3 Bxd5 21. Rxd5 Nxd5 22. Rd1 Rc4 23. Bxd5+ Kh8 24. Bf3 Qc8 25. Qe7 Qe8 26. Qd6 Rac8 27. Bf2 Rxc3 28. Bb7 Rb8 29. Be4 Rcc8 30. Bb6 h6 31. Bc7 b4 32. Bc6 Qf8 33. Bxb8 Rxb8 34. Qxf8+ Rxf8 35. Rd5 Rc8 36. Ba4 Rc4 37. h3 h5 38. gxh5 Rf4 1-0

[Event "San Martino di Castrozza op 3rd"]
[Site "San Martino di Castrozza"]
[Date "2002.07.03"]
[Round "3"]
[White "Dal Zovo, Claudio"]
[Black "Cattafi, Giuseppe"]
[Result "0-1"]
[WhiteElo "1732"]
[BlackElo "1810"]
[PlyCount "66"]
[EventDate "2002.07.01"]
[EventType "swiss"]
[EventRounds "7"]
[EventCountry "ITA"]
[SourceTitle "EXT 2007"]
[Source "ChessBase"]
[SourceDate "2006.11.23"]
[SourceVersion "1"]
[SourceVersionDate "2006.11.23"]
[SourceQuality "1"]

1. d4 d5 2. Nf3 Bf5 3. Bf4 c6 4. e3 Qb6 5. b3 Nd7 6. Bd3 Bg6 7. 0-0 Ngf6 8. a4 a5 9. Na3 e6 10. c4 Qb4 11. Qc2 Ne4 12. Rfc1 Bd6 13. Ne5 Bxe5 14. dxe5 Ndc5 15. Rd1 Nxd3 16. Qxd3 Nxf2 17. Qe2 Nxd1 18. Qxd1 Rd8 19. Bg5 Rd7 20. Qe1 Qxb3 21. Qxa5 0-0 22. Qd2 h6 23. Bh4 Be4 24. a5 Ra8 25. Be1 Rad8 26. Qb4 dxc4 27. Nxc4 Qc2 28. Qb2 Qxc4 29. Rc1 Qd3 30. Qf2 Rd5 31. Bc3 Rc5 32. Rf1 Rxc3 33. Qxf7+ Kh8 0-1

[Event "San Martino di Castrozza op 3rd"]
[Site "San Martino di Castrozza"]
[Date "2002.07.01"]
[Round "1"]
[White "Cattafi, Giuseppe"]
[Black "Belotti, Bruno"]
[Result "0-1"]
[WhiteElo "1810"]
[BlackElo "2430"]
[PlyCount "76"]
[EventDate "2002.07.01"]
[EventType "swiss"]
[EventRounds "7"]
[EventCountry "ITA"]
[SourceTitle "EXT 2007"]
[Source "ChessBase"]
[SourceDate "2006.11.23"]
[SourceVersion "1"]
[SourceVersionDate "2006.11.23"]
[SourceQuality "1"]

1. Nf3 Nf6 2. d3 c5 3. e4 Nc6 4. g3 g6 5. Bg2 Bg7 6. 0-0 0-0 7. Nbd2 d6 8. a4 e5 9. Nc4 Ne8 10. c3 Nc7 11. Re1 f5 12. b4 f4 13. b5 Ne7 14. Qb3 Kh8 15. Bb2 Bg4 16. Nfd2 g5 17. f3 Be6 18. g4 h5 19. h3 Ne8 20. Qc2 Ng6 21. a5 Nh4 22. Re2 Rc8 23. Nb3 Qd7 24. b6 a6 25. Nbd2 Nf6 26. Qa4 Qe7 27. Rae1 hxg4 28. hxg4 Nxg4 29. Bh3 Nh6 30. Bxe6 Qxe6 31. Rh2 Bf6 32. Ree2 g4 33. fxg4 Nxg4 34. Rh1 Rf7 35. Rg2 Rh7 36. Nxd6 Qxd6 37. Rxg4 Qxd3 38. Qc4 Qxd2 0-1